Sinopsis estadística y geográfica de Chile en 1885 / (Record no. 170044)

MARC details
000 -LEADER
campo de control de longitud fija 00476nam a2200145 i 4500
001 - NÚMERO DE CONTROL
campo de control 170044
003 - IDENTIFICADOR DE NÚMERO DE CONTROL
campo de control ES-MaACL
005 - FECHA Y HORA DE LA ÚLTIMA TRANSACCIÓN
campo de control 20230906214254.0
008 - DATOS DE LONGITUD FIJA--INFORMACIÓN GENERAL
campo de control de longitud fija 090119s1886 cl |||| | spa d
245 00 - MENCIÓN DEL TÍTULO
Título Sinopsis estadística y geográfica de Chile en 1885 /
Mención de responsabilidad, etc. Oficina Central de Estadística.
260 ## - PUBLICACIÓN, DISTRIBUCIÓN, ETC.
Lugar de publicación, distribución, etc. Santiago de Chile :
Nombre del editor, distribuidor, etc. [s.n.],
Fecha de publicación, distribución, etc. 1886 (
Fabricante Imprenta Nacional)
300 ## - DESCRIPCIÓN FÍSICA
Extensión 49 p. ;
Dimensiones 22 cm.
651 #4 - PUNTO DE ACCESO ADICIONAL DE MATERIA--NOMBRE GEOGRÁFICO
Nombre geográfico Chile-
Subdivisión general Descripción.
9 (RLIN) 143280
852 ## - LOCALIZACIÓN
Ubicación ES-MaACL
Número de control de estantería T-435-F-17
Holdings
Estatus retirado Estado de pérdida Estado de daño No para préstamo Colección Biblioteca de origen Biblioteca actual Ubicación en estantería Fecha de adquisición Fuente de adquisición Total de préstamos Signatura topográfica completa Código de barras Visto por última vez Precio de reemplazo Tipo de ítem Koha
        Colección de folletos Biblioteca del Ateneo de Madrid Biblioteca del Ateneo de Madrid Depósito folletos 19/01/2009     T-435-F-17 1178518 23/02/2023 23/02/2023 Folleto